Normal view
MARC view
- Tan, S. T.
Entry Personal Name
001 - CONTROL NUMBER
- control field: 35891
003 - CONTROL NUMBER IDENTIFIER
- control field: NUST
005 - DATE AND TIME OF LATEST TRANSACTION
- control field: 20210308172250.0
008 - FIXED-LENGTH DATA ELEMENTS
- fixed length control field: 210308|| aca||aabn | a|a d
040 ## - CATALOGING SOURCE
- Original cataloging agency: NUST
- Transcribing agency: NUST
100 ## - HEADING--PERSONAL NAME
- Personal name: Tan, S. T.
- Fuller form of name: (Soo Tang)
670 ## - SOURCE DATA FOUND
- Source citation: Work cat.: (NUST)31585: Tan, S. T. (Soo Tang), Calculus for the Managerial, Life, and Social Sciences /, c2006.
